<?xml version="1.0" encoding="UTF-8"?>
<record
    xmlns:xsi="http://www.w3.org/2001/XMLSchema-instance"
    xsi:schemaLocation="http://www.loc.gov/MARC21/slim http://www.loc.gov/standards/marcxml/schema/MARC21slim.xsd"
    xmlns="http://www.loc.gov/MARC21/slim">

  <leader>00526nam a22001937i 4500</leader>
  <controlfield tag="001">2479</controlfield>
  <controlfield tag="003">OSt</controlfield>
  <controlfield tag="005">20170126082306.0</controlfield>
  <controlfield tag="007">tu</controlfield>
  <controlfield tag="008">161220s1995    xxu||||| |||| 00| 0     d</controlfield>
  <datafield tag="024" ind1="7" ind2=" ">
    <subfield code="a">2478</subfield>
    <subfield code="2">RID</subfield>
  </datafield>
  <datafield tag="040" ind1=" " ind2=" ">
    <subfield code="c">OSt</subfield>
  </datafield>
  <datafield tag="084" ind1=" " ind2=" ">
    <subfield code="a">11.32</subfield>
    <subfield code="2">z</subfield>
  </datafield>
  <datafield tag="100" ind1="1" ind2=" ">
    <subfield code="a">Landesmann, Michael</subfield>
  </datafield>
  <datafield tag="245" ind1="0" ind2="0">
    <subfield code="a">Balance-of-Payments Constrained Growth in Central and  Eastern Europe</subfield>
  </datafield>
  <datafield tag="260" ind1=" " ind2=" ">
    <subfield code="a">Wien :</subfield>
    <subfield code="b">Wiener Institut f&#xFC;r Internationale Wirtschaftsvergleiche (WIIW),</subfield>
    <subfield code="c">1995.</subfield>
  </datafield>
  <datafield tag="300" ind1=" " ind2=" ">
    <subfield code="a">31 S. ;</subfield>
    <subfield code="c">30cm.</subfield>
  </datafield>
  <datafield tag="700" ind1="1" ind2=" ">
    <subfield code="a">P&#xF6;schl, Josef</subfield>
  </datafield>
  <datafield tag="942" ind1=" " ind2=" ">
    <subfield code="c">B</subfield>
  </datafield>
  <datafield tag="999" ind1=" " ind2=" ">
    <subfield code="c">2455</subfield>
    <subfield code="d">2455</subfield>
  </datafield>
  <datafield tag="952" ind1=" " ind2=" ">
    <subfield code="0">0</subfield>
    <subfield code="1">0</subfield>
    <subfield code="4">0</subfield>
    <subfield code="7">0</subfield>
    <subfield code="a">BIB</subfield>
    <subfield code="b">BIB</subfield>
    <subfield code="c">3</subfield>
    <subfield code="d">1995-08-17</subfield>
    <subfield code="i">2479</subfield>
    <subfield code="l">0</subfield>
    <subfield code="o">II-5.901</subfield>
    <subfield code="p">302477</subfield>
    <subfield code="r">2017-01-26 00:00:00</subfield>
    <subfield code="w">2017-01-26</subfield>
    <subfield code="y">B</subfield>
  </datafield>
</record>
